Vivir con el trastorno límite de la personalidad: una guía clínica para pacientes

Gespeichert in:
Bibliographische Detailangaben
1. Verfasser: Frías Ibáñez, Alvaro (VerfasserIn)
Format: Buch
Sprache:Spanisch
Veröffentlicht: Bilbao Desclée de Brouwer 2017
Ausgabe:1a. ed
Schriftenreihe:Colección Serendipity, 209
Schlagworte:
Tags: Tag hinzufügen
Keine Tags, Fügen Sie den ersten Tag hinzu!

MARC

LEADER 00000cam a2200000 a 4500
001 UCC1943
003 CL-VaPUC
008 171214e20170000sp |||||||||||||||||spa|d
020 |a 9788433029355 
082 0 4 |a 616.89  |b FRI  |2 21 
100 0 |a Frías Ibáñez, Alvaro  |e author  |9 596057 
245 1 0 |a Vivir con el trastorno límite de la personalidad: una guía clínica para pacientes 
250 |a 1a. ed 
300 |a 168 p 
942 |c BK 
945 |d 20171214 17:05:00  |a dcastane 
260 |a Bilbao  |b Desclée de Brouwer  |c 2017 
650 0 |a Trastornos de la personalidad   |9 307698 
650 7 |a TRASTORNOS PSICOLOGICOS  |2 CL-VaPUC  |9 459171 
650 0 |a Psicopatología   |9 307473 
583 |a last modification  |c 20171214 17:05:00  |k Rodrigo Vera 
490 0 |a Colección Serendipity, 209 
999 |c 370273  |d 370271 
952 |0 0  |1 0  |3 erb  |4 0  |6 616_890000000000000_FRI_2017  |7 0  |8 A  |9 486644  |a BIBTEO  |b BIBTEO  |i 5439272  |l 1  |o 616.89 FRI 2017  |p 5439272  |r 2025-01-17  |s 2024-04-03  |w 2019-11-24  |y BK  |z Catalogado en:20171214  |k ICR